[Event "Titled Tue 17th Jun Early"]
[Site "chess.com INT"]
[Date "2025.06.17"]
[Round "1"]
[White "Shukhman, Anna"]
[Black "Rom, Jasper"]
[Result "0-1"]
[WhiteTitle "WGM"]
[WhiteElo "2413"]
[BlackElo "2163"]
[WhiteFideId "54180058"]
[BlackFideId "2023733"]
[EventDate "2025.06.17"]

1. e4 e6 2. d4 d5 3. Nc3 Nf6 4. e5 Nfd7 5. f4 c5 6. Nf3 Nc6 7. Be3 Be7 8. Qd2
O-O 9. dxc5 Nxc5 10. O-O-O Bd7 11. f5 Qa5 12. Kb1 Rfd8 13. f6 gxf6 14. exf6 Bxf6
15. Nxd5 exd5 16. Qxa5 Nxa5 17. Bxc5 Bf5 18. Bd3 Bg6 19. h4 Nc4 20. Bd4 Bg7 21.
h5 Be4 22. Bxg7 Kxg7 23. h6+ Kg8 24. Ng5 f5 25. Nxe4 fxe4 26. Bxc4 dxc4 27. Rde1
Re8 28. Rh4 Rad8 29. Kc1 e3 30. Rxc4 Rd6 31. Rg4+ Rg6 32. Rxg6+ hxg6 33. g4 g5
34. Rh1 Kh7 35. Kd1 Re4 36. Ke2 Rxg4 37. Kxe3 Rg2 38. Kd3 Rg3+ 39. Kc4 Rg2 40.
Kb3 Rg3+ 41. c3 g4 42. Re1 Rf3 43. Re7+ Kxh6 44. Rxb7 g3 45. Rb8 Rf7 46. Rb4 g2
47. Rg4 Rg7 48. Rh4+ Kg5 49. Rh1 gxh1=Q 50. a4 Qb7+ 51. Ka3 Rf7 52. b3 Rf4 0-1

[Event "Titled Tue 17th Jun Early"]
[Site "chess.com INT"]
[Date "2025.06.17"]
[Round "1"]
[White "Osiecki, Stanislaw"]
[Black "Bogdanov, Artyom"]
[Result "0-1"]
[WhiteTitle "FM"]
[BlackTitle "FM"]
[WhiteElo "1944"]
[BlackElo "2370"]
[WhiteFideId "1102990"]
[BlackFideId "13749200"]
[EventDate "2025.06.17"]

1. e4 d5 2. e5 c5 3. c3 Nc6 4. d4 a6 5. h3 Bf5 6. Bd3 Bxd3 7. Qxd3 e6 8. Nf3
Nge7 9. O-O Nf5 10. Rd1 cxd4 11. cxd4 Be7 12. Nc3 Rc8 13. Be3 O-O 14. Rac1 Na5
15. Ne2 Qd7 16. b3 Nc6 17. Bd2 Nb4 18. Bxb4 Bxb4 19. g4 Ne7 20. Ng5 Ng6 21. h4
Rxc1 22. Rxc1 Rc8 23. Rxc8+ Qxc8 24. h5 Nf8 25. Qf3 Qc7 26. Kg2 h6 27. Nh3 Nh7
28. Nhf4 Ng5 29. Qd3 Ne4 30. f3 Ng5 31. Nh3 Nh7 32. f4 Be7 33. f5 Ng5 34. Nxg5
Bxg5 35. fxe6 fxe6 36. Qg6 Qf7 37. Qxf7+ Kxf7 38. Kf3 g6 39. Nc3 gxh5 40. gxh5
Ke8 41. Na4 Be7 42. Ke3 Kd7 43. Kd3 Kc6 44. Nc3 Kb6 45. Ne2 Bg5 46. Kc3 Kb5 47.
a3 Kc6 48. a4 Kb6 49. Ng1 Kc6 50. Nf3 Be7 51. b4 Kb6 52. Nh2 Bg5 53. Ng4 Kc6 54.
Nh2 Kd7 55. Ng4 Ke7 56. Nf2 Be3 57. Nd3 b6 58. b5 axb5 59. axb5 Kd7 60. Ne1 Bg5
61. Nf3 Be7 62. Nh2 Bg5 63. Ng4 Ke7 64. Nf2 Kf7 65. Nd3 Be7 66. Nf2 Bh4 67. Ng4
Kg7 68. Ne3 Bf2 69. Nc2 Kf7 70. Nb4 Ke7 71. Nc6+ Kd7 72. Nb8+ Kc8 73. Nc6 Kc7
74. Ne7 Kd7 75. Ng8 Be3 76. Kd3 Bg5 0-1

[Event "Titled Tue 17th Jun Early"]
[Site "chess.com INT"]
[Date "2025.06.17"]
[Round "1"]
[White "Aaradhya Das"]
[Black "Herrera Ortiz, Miguel"]
[Result "0-1"]
[WhiteTitle "WCM"]
[BlackTitle "IM"]
[WhiteElo "1786"]
[BlackElo "2174"]
[WhiteFideId "33361436"]
[BlackFideId "5100550"]
[EventDate "2025.06.17"]

1. e4 e6 2. d4 d5 3. Nc3 Bb4 4. e5 c5 5. Bd2 Nh6 6. Nb5 Bxd2+ 7. Qxd2 O-O 8.
dxc5 Nc6 9. f4 b6 10. O-O-O bxc5 11. Nd6 Qb6 12. c4 d4 13. Bd3 f6 14. Nf3 fxe5
15. fxe5 Rxf3 16. gxf3 Nxe5 17. Be4 Qxd6 18. Bxa8 Nxc4 19. Qg5 Nf7 20. Qg4 Ne3
21. Qe4 Nxd1 22. Rxd1 Bd7 23. Rg1 g6 24. h4 e5 25. h5 g5 26. Bd5 Qf6 27. Bxf7+
Kxf7 28. Qxh7+ Ke6 29. Qg8+ Kd6 30. Qxg5 Qxf3 31. Re1 e4 32. Qg6+ Kd5 33. Qg5+
Bf5 34. h6 Kc4 35. Qg8+ Kb5 36. Qb3+ Qxb3 37. axb3 e3 38. Kd1 Bg4+ 39. Kc2 Bf5+
40. Kd1 Bg4+ 41. Kc1 Bf5 42. Rh1 Bh7 43. Rh3 c4 44. bxc4+ Kxc4 45. Rh4 Kd3 46.
Kd1 a5 47. Rg4 Bf5 48. Rg7 Be4 49. h7 Bf3+ 50. Ke1 Kc2 51. h8=Q d3 52. Qc8+ Kb1 0-1

[Event "Titled Tue 17th Jun Early"]
[Site "chess.com INT"]
[Date "2025.06.17"]
[Round "1"]
[White "Ebrahimi Herab, Hamidreza"]
[Black "Nazin, Roman"]
[Result "0-1"]
[WhiteTitle "FM"]
[BlackTitle "CM"]
[WhiteElo "2404"]
[BlackElo "2250"]
[WhiteFideId "22512888"]
[BlackFideId "4137167"]
[EventDate "2025.06.17"]

1. d4 c5 2. d5 e5 3. Nc3 a6 4. a4 d6 5. e4 Be7 6. f4 exf4 7. Bxf4 Bg5 8. Qd2
Bxf4 9. Qxf4 Qf6 10. Qg3 Ne7 11. Nf3 Ng6 12. Bd3 O-O 13. O-O Qe7 14. Rae1 Nd7
15. Nd1 Nde5 16. Ne3 Nxf3+ 17. gxf3 Qe5 18. Nc4 Qxg3+ 19. hxg3 Rd8 20. a5 f6 21.
f4 Rb8 22. Nb6 Bd7 23. e5 dxe5 24. Bxg6 hxg6 25. fxe5 fxe5 26. Rxe5 Bf5 27. c4
Re8 28. Rfe1 Rxe5 29. Rxe5 Kf7 30. Kf2 Rh8 31. Kf3 Kf6 32. Re2 g5 33. g4 Bc8 34.
d6 Rd8 35. Rd2 Bd7 36. Nd5+ Kf7 37. Re2 Bc6 38. Re7+ Kf8 39. Re6 Kf7 40. Re7+
Kf8 41. Re6 Rd7 42. Ke4 Kf7 43. Ke5 Rd8 44. Re7+ Kf8 45. Ne3 Bd7 46. Nf5 Bxf5
47. gxf5 Re8 48. Ke6 Rxe7+ 49. dxe7+ Ke8 50. Ke5 Kxe7 51. Ke4 Kf6 52. b3 g6 53.
fxg6 Kxg6 54. Kd5 Kf5 55. Kxc5 g4 56. Kb6 g3 57. Kxb7 g2 58. c5 g1=Q 59. c6 Qg2
60. b4 Ke6 61. b5 axb5 62. a6 Kd6 63. a7 Qxc6+ 64. Kb8 Qc7+ 65. Ka8 Qc8# 0-1

[Event "Titled Tue 17th Jun Early"]
[Site "chess.com INT"]
[Date "2025.06.17"]
[Round "1"]
[White "Weetik, Vjacheslav"]
[Black "Flynn, Jacob"]
[Result "1-0"]
[WhiteTitle "FM"]
[BlackTitle "CM"]
[WhiteElo "2423"]
[BlackElo "2274"]
[WhiteFideId "4153472"]
[BlackFideId "2509393"]
[EventDate "2025.06.17"]

1. d4 d5 2. c4 c6 3. cxd5 cxd5 4. Nc3 Nf6 5. Bf4 Nc6 6. e3 a6 7. Nf3 Bg4 8. Qb3
Na5 9. Qa4+ b5 10. Qc2 Bxf3 11. gxf3 e6 12. Bd3 Rc8 13. Qe2 Nc4 14. O-O Bd6 15.
Bg3 O-O 16. a4 b4 17. Na2 a5 18. Nc1 Re8 19. Nb3 e5 20. dxe5 Nxe5 21. Bf5 Rc6
22. Rad1 Nc4 23. Nd4 Rc7 24. Nb5 Bxg3 25. hxg3 Rce7 26. Rd4 Qb6 27. Rc1 Nd6 28.
Nxd6 Qxd6 29. Kg2 g6 30. Bb1 Rc7 31. Rcd1 Qc6 32. Ba2 Qxa4 33. Bxd5 Nxd5 34.
Rxd5 Rc2 35. R1d2 Rec8 36. Rd8+ Kg7 37. Rxc8 Rxc8 38. Qd3 Qc6 39. g4 h6 40. e4
Qc4 41. Qd6 Qc5 42. Qa6 Rc7 43. Rd5 Qc2 44. Qxa5 Rb7 45. Qa6 Rc7 46. Qd6 Qc6 47.
Qxb4 Rb7 48. Qd4+ Kh7 49. b4 Qb6 50. Qxb6 Rxb6 51. b5 Kg7 52. f4 Kf6 53. g5+
hxg5 54. fxg5+ Ke6 55. f4 f6 56. gxf6 Kxf6 57. Rc5 Rb8 58. Rc6+ Kf7 59. b6 Kg7
60. e5 Kf7 61. Kf3 Kg7 62. Kg4 Kf7 63. Kg5 1-0

[Event "Titled Tue 17th Jun Early"]
[Site "chess.com INT"]
[Date "2025.06.17"]
[Round "1"]
[White "Sarveshwaran V"]
[Black "Reshetnikov, Alexey"]
[Result "0-1"]
[WhiteTitle "CM"]
[BlackTitle "IM"]
[WhiteElo "2290"]
[BlackElo "2492"]
[WhiteFideId "25699016"]
[BlackFideId "4162080"]
[EventDate "2025.06.17"]

1. e4 e6 2. d4 d5 3. exd5 exd5 4. Nf3 Nc6 5. h3 Bd6 6. Bd3 Nge7 7. O-O Bf5 8. a3
O-O 9. Re1 Qd7 10. Nc3 a6 11. Bg5 f6 12. Be3 Rae8 13. Qd2 Nd8 14. Ne2 Ne6 15. c4
Bxd3 16. Qxd3 c6 17. c5 Bb8 18. Qd2 Ng6 19. h4 Qf7 20. h5 Ne7 21. h6 g5 22. g3
Qh5 23. Kg2 Qxh6 24. b4 Qg6 25. a4 h6 26. Rh1 f5 27. Qc2 f4 28. Qxg6+ Nxg6 29.
gxf4 gxf4 30. Bd2 Kg7 31. Rag1 Nxc5 32. Nxf4 Bxf4 33. bxc5 Bxd2 34. Nxd2 Rf4 35.
Nf3 Ref8 36. Rh3 Rg4+ 37. Rg3 h5 38. Nh2 Rxd4 39. Kh3 Rf6 40. Nf3 Rd3 41. Rxg6+
Rxg6 42. Rxg6+ Kxg6 43. Kg3 Ra3 44. a5 Rxa5 45. Ne5+ Kf5 46. f4 Ra3+ 47. Nf3 a5
48. Kh4 Kxf4 49. Ng5 a4 50. Ne6+ Ke3 51. Nd8 Rb3 52. Nxb7 Rxb7 53. Kxh5 Rg7 54.
Kh6 Rg1 55. Kh5 a3 56. Kh6 a2 57. Kh7 a1=Q 58. Kh6 Qh8# 0-1

[Event "Titled Tue 17th Jun Early"]
[Site "chess.com INT"]
[Date "2025.06.17"]
[Round "1"]
[White "Rubes, Jan"]
[Black "Della Corte, Alessandro"]
[Result "1/2-1/2"]
[WhiteTitle "IM"]
[BlackTitle "CM"]
[WhiteElo "2426"]
[BlackElo "2207"]
[WhiteFideId "338176"]
[BlackFideId "813540"]
[EventDate "2025.06.17"]

1. d4 d5 2. c4 c6 3. Nf3 Nf6 4. Nc3 a6 5. g3 b5 6. cxd5 cxd5 7. Bg2 Bb7 8. O-O
e6 9. Bf4 Bd6 10. Bxd6 Qxd6 11. Rc1 Nbd7 12. Qd3 O-O 13. Rc2 Rfc8 14. Rfc1 h6
15. h4 Ne4 16. Nd2 Nxc3 17. Rxc3 Rxc3 18. Rxc3 Nb6 19. b3 Rc8 20. Rxc8+ Nxc8 21.
Qc2 Qc6 22. Qxc6 Bxc6 23. Nf3 f6 24. Ne1 Kf7 25. Nd3 Ke7 26. Nc5 a5 27. Bh3 f5
28. Nd3 Kd6 29. e3 b4 30. Ne5 Ne7 31. Bf1 Be8 32. Be2 Nc6 33. Bb5 Nxe5 34. dxe5+
Ke7 35. Bxe8 Kxe8 36. h5 Kf7 37. Kg2 Ke7 38. Kf3 Kd7 39. g4 fxg4+ 40. Kxg4 Ke7
41. Kf3 Kf7 42. e4 dxe4+ 43. Kxe4 g6 44. hxg6+ Kxg6 45. Kf4 h5 46. Kg3 Kf5 47.
Kh4 Kxe5 48. Kxh5 Kf4 49. Kg6 e5 50. Kf6 e4 51. Ke6 Kg4 52. Kd5 Kf4 53. Kd4 Kf5
54. Kc5 Kf4 55. Kd5 Kf5 56. Kd6 Kf4 57. Ke6 Kg4 58. Ke5 Kf3 59. Kd4 Kf4 60. Kd5
Kf5 61. Kd6 Kf4 62. Ke6 1/2-1/2

[Event "Titled Tue 17th Jun Early"]
[Site "chess.com INT"]
[Date "2025.06.17"]
[Round "1"]
[White "Herman, Daniel"]
[Black "Piesik, Piotr"]
[Result "1/2-1/2"]
[BlackTitle "IM"]
[WhiteElo "1920"]
[BlackElo "2436"]
[WhiteFideId "30935008"]
[BlackFideId "1136194"]
[EventDate "2025.06.17"]

1. c4 c6 2. d4 d5 3. cxd5 cxd5 4. Bg5 Nc6 5. Nc3 h6 6. Bh4 Bf5 7. e3 Qd7 8. Qb3
e6 9. Nf3 Bd6 10. Rc1 Nge7 11. Be2 Na5 12. Qb5 Nac6 13. O-O a6 14. Qa4 O-O 15.
Bg3 b5 16. Qd1 f6 17. a3 Na5 18. Nd2 Rfc8 19. Nb3 Nc4 20. Bxc4 dxc4 21. Bxd6
Qxd6 22. Nc5 e5 23. b3 cxb3 24. Qxb3+ Kh7 25. Rfd1 exd4 26. exd4 Nc6 27. Ne2 Re8
28. Qf3 Ne7 29. Ng3 Bg6 30. h4 Qd5 31. h5 Bf7 32. Qg4 Qg5 33. Qxg5 hxg5 34. Nb7
Bb3 35. Re1 Nd5 36. Nd6 Rxe1+ 37. Rxe1 Rd8 38. Ndf5 Rd7 39. Re6 Nf4 40. Rxa6 Bc2
41. h6 g6 42. Ne3 Bd3 43. Rxf6 Kxh6 44. Ng4+ Kg7 45. Rb6 Ne2+ 46. Nxe2 Bxe2 47.
Ne5 Rxd4 48. Rxg6+ Kh7 49. Rxg5 Rd5 50. Nf3 Bxf3 51. Rxd5 Bxd5 52. f3 Kg6 53.
Kf2 Kf5 54. Ke3 Ke5 55. g4 Bc6 56. f4+ Kd5 57. Kd3 Bd7 58. f5 Ke5 59. Kc3 Be8
60. Kb4 Kf4 61. f6 Kxg4 62. f7 Bxf7 63. Kxb5 Be8+ 64. Kb6 Kf5 65. a4 Bxa4 1/2-1/2

[Event "Titled Tue 17th Jun Early"]
[Site "chess.com INT"]
[Date "2025.06.17"]
[Round "1"]
[White "Langheinrich, Ferenc"]
[Black "Terry, Renato"]
[Result "0-1"]
[WhiteTitle "IM"]
[BlackTitle "IM"]
[WhiteElo "2346"]
[BlackElo "2508"]
[WhiteFideId "4641973"]
[BlackFideId "3803457"]
[EventDate "2025.06.17"]

1. e4 g6 2. d4 Bg7 3. Nc3 c6 4. Be3 d5 5. Nf3 dxe4 6. Nxe4 Bf5 7. Bd3 Bxe4 8.
Bxe4 Qb6 9. b3 Nf6 10. Bd3 Nbd7 11. O-O Nd5 12. Bd2 O-O 13. Qe2 Rfe8 14. a3 e5
15. dxe5 Nxe5 16. Nxe5 Bxe5 17. Rae1 Bxh2+ 18. Kxh2 Rxe2 19. Rxe2 Qc5 20. Rfe1
Kg7 21. c4 Nf6 22. Bb1 Qh5+ 23. Kg1 Ng4 24. Bf4 Rd8 25. f3 Qc5+ 26. Kh1 Qh5+ 27.
Kg1 Qc5+ 28. Kh1 Nf2+ 29. Kh2 Nd3 30. Bxd3 Rxd3 31. Be5+ f6 32. Bb2 Rd7 33. b4
Qxc4 34. Re6 Rf7 35. g4 b6 36. g5 Qh4+ 37. Kg2 Qxg5+ 38. Kf2 c5 39. R1e2 cxb4
40. axb4 Qf4 41. R6e4 Qh2+ 42. Ke3 Qd6 43. Kf2 g5 44. Rg4 Kg6 45. Rge4 h6 46. f4
Qd5 47. Kg3 Qf5 48. R2e3 h5 49. Kf3 Qg4+ 0-1

[Event "Titled Tue 17th Jun Early"]
[Site "chess.com INT"]
[Date "2025.06.17"]
[Round "1"]
[White "Shafer, Logan C"]
[Black "Sevig, Mert Can"]
[Result "1/2-1/2"]
[WhiteTitle "CM"]
[BlackTitle "CM"]
[WhiteElo "2217"]
[BlackElo "2025"]
[WhiteFideId "30993342"]
[BlackFideId "44546335"]
[EventDate "2025.06.17"]

1. e4 g6 2. d4 Bg7 3. Nc3 d6 4. Be3 Nf6 5. Qd2 O-O 6. f3 c6 7. O-O-O b5 8. h4 b4
9. Nce2 Qa5 10. Kb1 Be6 11. Nc1 h5 12. Bh6 Nbd7 13. Bxg7 Kxg7 14. Nh3 Rfc8 15.
Ng5 Nf8 16. Nxe6+ Nxe6 17. Nb3 Qb6 18. g4 c5 19. e5 Nd7 20. d5 c4 21. dxe6 cxb3
22. axb3 Nxe5 23. gxh5 f6 24. hxg6 Rh8 25. f4 Nf3 26. Qd3 Nxh4 27. f5 Qc5 28.
Be2 Qxf5 29. Qb5 Qxb5 30. Bxb5 Nf5 31. Rhg1 Ne3 32. Rd4 Nf5 33. Rxb4 Rh6 34. Bc6
Rah8 35. Rb7 Rxg6 36. Rxg6+ Kxg6 37. Be4 Rh4 38. Bxf5+ Kxf5 39. Rxe7 a5 40. Re8
Re4 41. e7 Ke6 42. Ra8 Kxe7 43. Rxa5 Re1+ 44. Ka2 Rf1 45. b4 f5 46. Kb3 f4 47.
Kc3 f3 48. Kd2 f2 49. Rf5 Kd7 50. b3 Kc6 51. Kc3 d5 52. Kb2 d4 53. Ka2 Kb6 54.
Kb2 Kc6 55. Rf4 Kd5 56. Rf8 Kc6 57. Ka2 Kb5 58. Rb8+ Kc6 59. Rc8+ Kb7 60. Rf8
Kb6 61. Rf5 Kc6 62. Kb2 Kd6 63. Rf8 Kd5 64. Rf5+ Ke4 65. Rf8 Kd5 66. Rf5+ Kc6 1/2-1/2

[Event "Titled Tue 17th Jun Early"]
[Site "chess.com INT"]
[Date "2025.06.17"]
[Round "1"]
[White "Stankovic, Boris"]
[Black "Pranav, V"]
[Result "0-1"]
[WhiteTitle "FM"]
[BlackTitle "GM"]
[WhiteElo "2298"]
[BlackElo "2595"]
[WhiteFideId "985317"]
[BlackFideId "25060783"]
[EventDate "2025.06.17"]

1. e4 e5 2. Nf3 Nc6 3. Nc3 Nf6 4. g3 Bc5 5. Bg2 d6 6. O-O Bg4 7. h3 Bxf3 8. Qxf3
h5 9. d3 h4 10. g4 Nh7 11. Kh2 Ng5 12. Qd1 Ne6 13. Nd5 Ne7 14. Nxe7 Qxe7 15. c3
O-O-O 16. Be3 Bb6 17. a4 Kb8 18. a5 Bxe3 19. fxe3 a6 20. d4 c6 21. Qe2 Qc7 22.
Kh1 f6 23. b4 Ng5 24. Rf2 Rhe8 25. Qd3 d5 26. exd5 cxd5 27. b5 exd4 28. exd4 Qg3
29. Qxg3+ hxg3 30. Rb2 Ka7 31. b6+ Kb8 32. Kg1 Re3 33. Rc2 Rc8 34. h4 Ne6 35.
Rf1 Nxd4 36. Rd2 Ne2+ 37. Kh1 Nxc3 38. g5 fxg5 39. hxg5 Rh8+ 40. Kg1 Ne2+ 41.
Rxe2 Rxe2 42. Bxd5 Re5 43. Bg2 Rxa5 44. Rf7 Ra1+ 45. Bf1 Rb1 46. Rxg7 Rxb6 47.
Kg2 Rb3 48. g6 Rh2+ 49. Kg1 Ka7 50. Rf7 Rh6 51. g7 Rg6 52. Bc4 Rb1+ 53. Kg2 Rb2+
54. Kg1 g2 55. Bd3 Rg5 56. Be4 a5 57. Bh7 Rh5 58. Rf2 Rxf2 59. Kxf2 Rg5 60. g8=Q
g1=Q+ 0-1

[Event "Titled Tue 17th Jun Early"]
[Site "chess.com INT"]
[Date "2025.06.17"]
[Round "1"]
[White "Harsh, Suresh"]
[Black "Dominguez, Ramiro"]
[Result "1/2-1/2"]
[WhiteTitle "IM"]
[BlackTitle "FM"]
[WhiteElo "2392"]
[BlackElo "2210"]
[WhiteFideId "45018464"]
[BlackFideId "4420055"]
[EventDate "2025.06.17"]

1. e4 e5 2. Nf3 Nc6 3. Bc4 Nf6 4. O-O Be7 5. d4 d6 6. dxe5 Nxe5 7. Nxe5 dxe5 8.
Qxd8+ Bxd8 9. f3 Be7 10. Be3 O-O 11. a4 Rd8 12. Nd2 Bd7 13. Rfd1 Be8 14. Kf2 a6
15. a5 Rd7 16. Nb3 Rad8 17. Ke2 Rxd1 18. Rxd1 Rxd1 19. Kxd1 Bc6 20. c3 Nd7 21.
Nc1 Kf8 22. Nd3 f6 23. b4 Bd6 24. Kd2 Ke7 25. h4 Nf8 26. h5 h6 27. Bd5 Bxd5 28.
exd5 Kd7 29. c4 Be7 30. g4 Nh7 31. Nc5+ Bxc5 32. Bxc5 Ke8 33. Ke3 Ng5 34. b5 Nf7
35. Bb4 Nd6 36. Bxd6 cxd6 37. Ke4 Kd7 38. Kf5 Ke7 39. Kg6 Kf8 40. b6 Kg8 41. Kf5
Kf7 42. Ke4 Ke7 43. f4 Kf7 44. Kf5 Ke7 45. fxe5 fxe5 46. Ke4 Kd7 47. Kf3 Ke7 48.
Ke3 Kd7 49. Ke4 Ke7 50. Kf5 Kd7 51. Ke4 Ke7 52. Kd3 Kd7 53. Ke3 Ke7 54. Ke4 Kd7
55. Kf5 Ke7 56. Ke4 1/2-1/2

[Event "Titled Tue 17th Jun Early"]
[Site "chess.com INT"]
[Date "2025.06.17"]
[Round "1"]
[White "Matinian, Nikita"]
[Black "Harshit, Ranjan Sahu"]
[Result "1-0"]
[WhiteTitle "GM"]
[BlackTitle "CM"]
[WhiteElo "2421"]
[BlackElo "2191"]
[WhiteFideId "24129100"]
[BlackFideId "25638815"]
[EventDate "2025.06.17"]

1. e4 c5 2. Nc3 Nc6 3. Bb5 Nd4 4. Nf3 Nxb5 5. Nxb5 d6 6. d4 cxd4 7. Qxd4 Bd7 8.
a4 Nf6 9. Bg5 a6 10. Bxf6 gxf6 11. Nc3 e6 12. a5 Be7 13. O-O O-O 14. Na4 Rc8 15.
c4 Bxa4 16. Rxa4 Qd7 17. b3 Qc6 18. Re1 Kh8 19. g3 Rg8 20. Ra2 Rg6 21. Qe3 Rcg8
22. Nd4 Qc7 23. Ne2 Bf8 24. Rd1 Qc6 25. Nc3 Be7 26. Qb6 Qc8 27. Na4 Rh6 28. Qe3
Rhg6 29. Nb6 Qc6 30. b4 Rg4 31. Re2 R4g6 32. Rb1 h5 33. b5 Qc7 34. bxa6 bxa6 35.
Rb3 Bf8 36. Kg2 Bh6 37. Qf3 h4 38. Qh5 hxg3 39. Rxg3 Rxg3+ 40. hxg3 Rg6 41. Re1
Kg7 42. Rh1 Qc6 43. Qf3 Qc5 44. Rh5 Bg5 45. Qd3 Qxa5 46. Qxd6 Qa2 47. Nd7 Rh6
48. Qf8+ Kg6 49. Rxh6+ Bxh6 50. Qg8+ Bg7 51. Nf8+ Kh6 52. Qh7+ Kg5 53. Qxg7+ Kh5
54. Qxf7+ Kg5 55. Qg6# 1-0

[Event "Titled Tue 17th Jun Early"]
[Site "chess.com INT"]
[Date "2025.06.17"]
[Round "1"]
[White "Caprio, Guido"]
[Black "Cieslak, Patryk"]
[Result "0-1"]
[WhiteTitle "IM"]
[BlackTitle "FM"]
[WhiteElo "2435"]
[BlackElo "2442"]
[WhiteFideId "834580"]
[BlackFideId "21078882"]
[EventDate "2025.06.17"]

1. d4 d6 2. Nf3 Bg4 3. c4 Nd7 4. Nc3 e5 5. g3 Bxf3 6. exf3 exd4 7. Qxd4 Qf6 8.
Qe3+ Qe6 9. Bh3 Qxe3+ 10. Bxe3 Ngf6 11. Nb5 O-O-O 12. Nxa7+ Kb8 13. Nb5 Ne5 14.
O-O-O Nxc4 15. Ba7+ Ka8 16. Rd4 d5 17. Rhd1 Be7 18. b3 Na3 19. Ra4 Nxb5 20. Bc5+
Kb8 21. Bxe7 Nc3 22. Bxd8 Rxd8 23. Re1 Nxa4 24. bxa4 Re8 25. Rxe8+ Nxe8 26. Kc2
c5 27. f4 Kc7 28. Bg2 Nf6 29. Kd3 Kd6 30. h3 b6 31. g4 Nd7 32. Kc3 Nf8 33. f5
Nd7 34. f4 Nb8 35. Bf1 Nc6 36. Bb5 Nd4 37. Be8 f6 38. Kd2 h6 39. Ke3 Nc2+ 40.
Kd2 Nb4 41. a3 Na6 42. Bb5 Nc7 43. Be2 c4 44. Kc3 Kc5 45. Kd2 d4 46. Bf3 Ne8 47.
Kc2 Nd6 48. a5 bxa5 49. a4 Kb4 50. Bc6 Kc5 51. Bd7 Ne4 52. h4 d3+ 53. Kd1 Kd4
54. Be6 c3 55. Bb3 Ke3 56. Ke1 Kxf4 57. g5 hxg5 58. hxg5 Kxg5 59. Kf1 Kf4 60.
Kg2 Kxf5 61. Kf3 Nd2+ 62. Ke3 Nxb3 63. Kxd3 Nc5+ 64. Kxc3 Nxa4+ 65. Kc4 Nb2+ 66.
Kb5 a4 67. Kb4 Ke4 68. Ka3 Nd3 69. Kxa4 f5 70. Kb5 g5 71. Kc6 g4 72. Kd7 Nf4 0-1

[Event "Titled Tue 17th Jun Early"]
[Site "chess.com INT"]
[Date "2025.06.17"]
[Round "1"]
[White "Roebers, Jan"]
[Black "Kapra, Jerjis"]
[Result "0-1"]
[WhiteTitle "FM"]
[WhiteElo "2056"]
[BlackElo "2055"]
[WhiteFideId "1007815"]
[BlackFideId "2640341"]
[EventDate "2025.06.17"]

1. e4 d6 2. Nc3 Nf6 3. d4 e5 4. Nf3 Nbd7 5. Bc4 Be7 6. O-O c6 7. a4 O-O 8. h3 h6
9. Bb3 Re8 10. Be3 Bf8 11. dxe5 dxe5 12. a5 Qc7 13. Nd2 Nc5 14. Bc4 Be6 15. Qe2
Bxc4 16. Qxc4 b5 17. axb6 axb6 18. Bxc5 Bxc5 19. b4 Rxa1 20. Rxa1 Bd4 21. Nb5
Qd7 22. Nxd4 exd4 23. f3 Nh5 24. Ra6 Rb8 25. Nb3 Nf4 26. Kf2 Ne6 27. Nc1 Qd6 28.
Nd3 g5 29. Qa2 Kg7 30. Ra8 Rxa8 31. Qxa8 c5 32. bxc5 bxc5 33. Qd5 Qc7 34. Qe5+
Qxe5 35. Nxe5 Kf6 36. Ng4+ Kg6 37. Ke2 h5 38. Ne5+ Kf6 39. Nd7+ Ke7 40. Nb6 Kd6
41. g3 h4 42. gxh4 gxh4 43. Nc4+ Kc6 44. Ne5+ Kb5 45. Nxf7 Nf4+ 46. Kf1 Nxh3 47.
e5 Nf4 48. Ng5 Kc6 49. Ne4 Kd5 50. Nf2 Kxe5 51. Kg1 Kd5 52. Ne4 c4 53. Kf2 h3
54. Kg3 Ke5 55. Nf2 Kf5 56. Ne4 d3 57. cxd3 cxd3 58. Nd2 Ke5 59. Ne4 Kd4 60. Nf2
Ke3 61. Ng4+ Ke2 62. Ne5 d2 0-1

[Event "Titled Tue 17th Jun Early"]
[Site "chess.com INT"]
[Date "2025.06.17"]
[Round "1"]
[White "Siddharth, Jagadeesh"]
[Black "Tomb, Maroun"]
[Result "1-0"]
[WhiteTitle "GM"]
[BlackTitle "CM"]
[WhiteElo "2461"]
[BlackElo "2090"]
[WhiteFideId "5818320"]
[BlackFideId "5300398"]
[EventDate "2025.06.17"]

1. e4 d6 2. d4 Nf6 3. Nc3 e5 4. Nf3 Nbd7 5. Rg1 g6 6. g4 Bg7 7. dxe5 dxe5 8. Be3
c6 9. g5 Nh5 10. Qd2 Qe7 11. O-O-O b6 12. Bh3 Nf8 13. Bxc8 Rxc8 14. Qd6 Ne6 15.
h4 Nhf4 16. Rd2 Qxd6 17. Rxd6 Ke7 18. Rgd1 Rhd8 19. Rxd8 Rxd8 20. Rxd8 Kxd8 21.
Kd2 Kd7 22. a4 Kd6 23. a5 Kc7 24. axb6+ axb6 25. Na4 b5 26. Nc5 Nxc5 27. Bxc5
Ne6 28. Be3 Kd6 29. Ne1 Bf8 30. Nd3 Be7 31. b4 Bd8 32. Ba7 Bc7 33. Ke3 Kd7 34.
f3 Bd6 35. c3 Bc7 36. Bc5 Bd6 37. Bb6 Bc7 38. Bxc7 Kxc7 39. Nxe5 Nd8 40. Ng4 c5
41. bxc5 Kc6 42. Nf6 Kxc5 43. Nxh7 Kc4 44. Kd2 Nc6 45. f4 b4 46. cxb4 Nxb4 47.
Ke3 Nc2+ 48. Kf3 Kd4 49. Nf6 Ne1+ 50. Kg4 Nd3 51. h5 gxh5+ 52. Kxh5 Nxf4+ 53.
Kg4 Ng6 54. Kh5 Ke5 55. Kh6 Ke6 56. Kg7 Ne5 57. Nh7 Ng4 58. Nf6 Ne5 59. Nh5 Nf3
60. Kh6 Ke5 61. Nf6 Ke6 62. Ng4 Nd2 63. Nf2 Nf3 64. Nd3 Nd2 65. Kg7 Nxe4 66. Kh6 1-0

[Event "Titled Tue 17th Jun Early"]
[Site "chess.com INT"]
[Date "2025.06.17"]
[Round "1"]
[White "Ivanov, Andrey A."]
[Black "Sadubayev, Airat"]
[Result "1/2-1/2"]
[WhiteTitle "CM"]
[BlackTitle "FM"]
[WhiteElo "2120"]
[BlackElo "2211"]
[WhiteFideId "2514311"]
[BlackFideId "13713264"]
[EventDate "2025.06.17"]

1. Nf3 d5 2. d4 Nf6 3. c4 e6 4. Nc3 Be7 5. cxd5 exd5 6. Bg5 c6 7. Qc2 g6 8. e4
dxe4 9. Bxf6 Bxf6 10. Qxe4+ Be6 11. Bc4 Qe7 12. Bxe6 Qxe6 13. O-O O-O 14. Qxe6
fxe6 15. Rfe1 Re8 16. Ne4 Be7 17. Neg5 Bxg5 18. Nxg5 Na6 19. Nxe6 Re7 20. Nc5
Rxe1+ 21. Rxe1 Nxc5 22. dxc5 Rd8 23. g3 Kf7 24. Re2 Rd5 25. Rc2 g5 26. a3 Kf6
27. Kg2 g4 28. Rc4 h5 29. Rb4 Rd7 30. h3 Kg5 31. hxg4 hxg4 32. Re4 Kf5 33. Rf4+
Kg5 34. Re4 Kf5 35. Rf4+ Kg5 36. Rb4 Kf5 37. Rb3 a6 38. Rb4 Kg5 39. Rf4 Rd2 40.
b4 Rd7 41. a4 Re7 42. Kf1 Kh5 43. Kg2 Kg5 44. Kf1 Kh5 45. a5 Kg5 46. Rc4 Re5 47.
Rc2 Re4 48. Rb2 Kf5 49. Rb3 Kf6 50. f3 gxf3 51. Rxf3+ Kg5 52. Rb3 Kg4 53. Kf2
Rc4 54. Rb2 Rc3 55. Rd2 Rc4 56. Rb2 Re4 57. Rb3 Rc4 58. Rb2 1/2-1/2

[Event "Titled Tue 17th Jun Early"]
[Site "chess.com INT"]
[Date "2025.06.17"]
[Round "1"]
[White "Smirnov, Mark"]
[Black "Villa, Ma. Elayza"]
[Result "1-0"]
[WhiteTitle "FM"]
[WhiteElo "2352"]
[BlackElo "1819"]
[WhiteFideId "13764594"]
[BlackFideId "5224292"]
[EventDate "2025.06.17"]

1. d4 d5 2. Nf3 Nf6 3. Bf4 c5 4. e3 Nc6 5. Nbd2 Bg4 6. c3 e6 7. h3 Bh5 8. Qb3
Qb6 9. Be2 Be7 10. O-O O-O 11. Rfe1 Rac8 12. Qxb6 axb6 13. g4 Bg6 14. Nh4 Rfd8
15. Nxg6 hxg6 16. Kf1 Bd6 17. Bxd6 Rxd6 18. f4 Nd7 19. Bd3 f5 20. Ke2 Nf6 21.
Rg1 Ne4 22. gxf5 gxf5 23. Nf3 Kf7 24. Bxe4 dxe4 25. Ng5+ Kf6 26. Rg3 Rg8 27.
Rag1 Ne7 28. h4 Nd5 29. h5 cxd4 30. cxd4 Rh8 31. Nh3 Rd7 32. Rg6+ Ke7 33. Rxg7+
Kd6 34. Rxd7+ Kxd7 35. Rg7+ Kc6 36. Rg6 Kd6 37. Ng5 Rxh5 38. Rxe6+ Kc7 39. Kf2
Rh2+ 40. Kg3 Rxb2 41. Re5 Nxe3 42. d5 Rg2+ 43. Kh3 Rd2 44. Ne6+ Kd6 45. Ng7 Rxd5
46. Re8 Rd3 47. Rg8 Ng4+ 48. Kh4 e3 49. Nxf5+ Ke6 50. Kxg4 Rd7 51. Re8+ Kf6 52.
Rxe3 Rd5 53. Ng3 Ra5 54. Ne4+ Kf7 55. Ng5+ Kf6 56. Re6+ Kg7 57. Rxb6 Rxa2 58.
Rxb7+ Kf8 59. f5 Ke8 60. f6 Rg2+ 61. Kf5 Rf2+ 62. Kg6 Rf1 63. f7+ Kf8 64. Nh7# 1-0